| 000 | 00462nam a2200157Ia 4500 | ||
|---|---|---|---|
| 005 | 20250307002903.0 | ||
| 008 | 240331s9999 xx 000 0 und d | ||
| 020 | _a700700285 | ||
| 082 |
_bDUT _a954 |
||
| 245 | 4 |
_aThe Dutch power in Ceylon : _b1602-1670 |
|
| 260 |
_a London & New york _bCurzon press Ltd & Harper and Row publishers Inc _c1973 |
||
| 300 | _aXI, 292 p ., | ||
| 500 | _aCeylon the portuguese Era | ||
| 700 |
_aPieris, P.E. _eedt |
||
| 942 | _cL | ||
| 999 |
_c3456 _d3456 |
||